| 000 | 00353 a2200157 4500 | ||
|---|---|---|---|
| 001 | 163409 | ||
| 020 | _a84-87099-10-6 | ||
| 040 | _cMagnum | ||
| 100 | _aSans, Neus | ||
| 240 | 1 | 0 |
_aVuelo 505 con destino a caracas _lESP |
| 245 | 1 | 0 | _aVuelo 505 con destino a caracas |
| 300 | _a76 | ||
| 362 | 0 | _a1989 | |
| 697 | _aLITERATURA ESPANHOLA | ||
| 942 | _cBK | ||
| 999 |
_c163409 _d163409 |
||